| 000 | 00499nam a22001697a 4500 | ||
|---|---|---|---|
| 999 |
_c10213 _d10213 |
||
| 003 | AR-CdUCM | ||
| 008 | 190329b ||||| |||| 00| 0 spa d | ||
| 040 |
_aMUNICIPALIDAD PROVINCIAL DEL CUSCO _cBIBLIOTECA MUNICIPAL DEL CUSCO |
||
| 082 |
_aES / 800 / _bS18 |
||
| 100 |
_aSalgari, Emilo _926931 |
||
| 245 | _aLos solitarios del océano / | ||
| 260 |
_aBarcelona : _bMolino, _c1958. |
||
| 300 |
_a156 páginas ; _c19.5 cm. |
||
| 650 |
_aObras literarias. _9403 |
||
| 942 |
_2ddc _cLIBROS |
||
| 945 | _awfj | ||